European Countries with the Lowest Elevation - Statistics

General Stats
  • This quiz has been taken 43 times
  • The average score is 9 of 10
Answer Stats
Highest Elevation (m) Answer % Correct
318 Estonia
98%
294 Lithuania
95%
322 Netherlands
95%
312 Latvia
93%
75 Vatican City
90%
140 Monaco
86%
346 Belarus
83%
253 Malta
76%
560 Luxembourg
74%
430 Moldova
67%
No matching quizzes found
Score Distribution
Percent of People with Each Score
Percentile by Number Answered
Your Score History
You have not taken this quiz